Assessment of wind resource potential and power production for selected sites in Pakistan. (Record no. 532849)
[ view plain ]
| 000 -LEADER | |
|---|---|
| fixed length control field | 00760nam a22002057a 4500 |
| 003 - CONTROL NUMBER IDENTIFIER | |
| control field | NUST |
| 005 - DATE AND TIME OF LATEST TRANSACTION | |
| control field | 20191204100150.0 |
| 008 - FIXED-LENGTH DATA ELEMENTS--GENERAL INFORMATION | |
| fixed length control field | 191204b ||||| |||| 00| 0 eng d |
| 038 ## - RECORD CONTENT LICENSOR | |
| Staff Name | IESE |
| 082 ## - DEWEY DECIMAL CLASSIFICATION NUMBER | |
| Classification number | 628 |
| Author Mark | RAB |
| 100 ## - MAIN ENTRY--PERSONAL NAME | |
| Personal name | Rabbani,Rabab |
| 9 (RLIN) | 26463 |
| 245 ## - TITLE STATEMENT | |
| Title | Assessment of wind resource potential and power production for selected sites in Pakistan. |
| Statement of responsibility, etc. | Rabab Rabbani |
| 260 ## - PUBLICATION, DISTRIBUTION, ETC. | |
| Place of publication, distribution, etc. | Islamabad |
| Name of publisher, distributor, etc. | IESE (SCEE) NUST |
| Date of publication, distribution, etc. | 2019 |
| 300 ## - PHYSICAL DESCRIPTION | |
| Extent | 82p. |
| Other physical details | H.B |
| 440 ## - SERIES STATEMENT/ADDED ENTRY--TITLE | |
| Title | MS Environmental Engineering |
| 9 (RLIN) | 1549 |
| 500 ## - GENERAL NOTE | |
| General note | Thesis MS EE |
| 650 ## - SUBJECT ADDED ENTRY--TOPICAL TERM | |
| Topical term or geographic name entry element | Environmental Engineering |
| 9 (RLIN) | 1550 |
| 700 ## - ADDED ENTRY--PERSONAL NAME | |
| Relator code | Dr. M Zeeshan Ali Khan (Supervisor) |
| 942 ## - ADDED ENTRY ELEMENTS (KOHA) | |
| Source of classification or shelving scheme | |
| Koha item type | Thesis |
| Call number prefix | IESE |
| Withdrawn status | Lost status | Source of classification or shelving scheme | Damaged status | Not for loan | Permanent Location | Current Location | Shelving location | Date acquired | Total Checkouts | Full call number | Barcode | Date last seen | Price effective from | Koha item type |
|---|---|---|---|---|---|---|---|---|---|---|---|---|---|---|
| Not For Loan | Institute of Environmental Science and Engineering (IESE) | Institute of Environmental Science and Engineering (IESE) | Thesis | 12/04/2019 | 628 RAB | IESE-T-675 | 12/04/2019 | 12/04/2019 | Thesis | |||||
| Not For Loan | Institute of Environmental Science and Engineering (IESE) | Institute of Environmental Science and Engineering (IESE) | Thesis | 02/04/2020 | 628 RAB | IESE-T-698 | 02/04/2020 | 02/04/2020 | Thesis | |||||
| Not For Loan | Institute of Environmental Science and Engineering (IESE) | Institute of Environmental Science and Engineering (IESE) | Thesis | 02/04/2020 | 628 RAB | IESE-T-699 | 02/04/2020 | 02/04/2020 | Thesis |
